000 00585cam a22002293a 4500
001 17908
003 PGUSA
005 20140828083400.0
008 060304s2006||||xxu|||||s|||||000 1 eng d
040 _aPGUSA
_beng
042 _adc
050 4 _aPQ
100 1 _aNeera,
_d1846-1918
245 1 0 _aNel sogno
_h[electronic resource] /
_cNeera
260 _bProject Gutenberg,
_c2006
506 _aPublic domain in the USA.
516 _aElectronic text
653 _aFiction
830 0 _aProject Gutenberg
_v17908
856 4 0 _uhttp://www.gutenberg.org/ebooks/17908
942 _cEB
999 _c247163
_d247163